000 00576nam a22002537a 4500
003 UA-OsUOA
001 31529
007 ta
008 20041223b un ||||| |||| 00| 0 ukr d
100 _aУтченко С. Л.
090 _a94(37)
_bУ84
942 _cBK
040 _aUA-OsUOA
_brus
_cUA-OsUOA
_dUA-OsUOA
245 _aЦицерон и его время
300 _a352 с.
955 _a0
041 _arus
080 _a94(37)
260 _aМосква
_bМысль
_c1986
044 _aRU
250 _n2-е изд.
650 7 _2UDC
999 _c317957
_d317957